Into the World: The Movement of Patočka's Phenomenology

Critically evaluating and synthesizing all the previous research on the phenomenology of Czech philosopher Jan Patočka, the book brings a new voice into contemporary philosophical discussions. It elucidates the development of Patočka's phenomenology and offers a critical appropriation of his...

Full description

Bibliographic Details
Main Author: Ritter, Martin (Author, http://id.loc.gov/vocabulary/relators/aut)
Corporate Author: SpringerLink (Online service)
Format: Electronic eBook
Language:English
Published: Cham : Springer International Publishing : Imprint: Springer, 2019.
Edition:1st ed. 2019.
Series:Contributions to Phenomenology, In Cooperation with The Center for Advanced Research in Phenomenology, 104
Subjects:
Online Access:Full Text via HEAL-Link
LEADER 04007nam a2200505 4500
001 978-3-030-23657-1
003 DE-He213
005 20191027091231.0
007 cr nn 008mamaa
008 191015s2019 gw | s |||| 0|eng d
020 |a 9783030236571  |9 978-3-030-23657-1 
024 7 |a 10.1007/978-3-030-23657-1  |2 doi 
040 |d GrThAP 
050 4 |a B829.5.A-829.5.Z 
072 7 |a HPCF3  |2 bicssc 
072 7 |a PHI018000  |2 bisacsh 
072 7 |a QDHR5  |2 thema 
082 0 4 |a 142.7  |2 23 
100 1 |a Ritter, Martin.  |e author.  |4 aut  |4 http://id.loc.gov/vocabulary/relators/aut 
245 1 0 |a Into the World: The Movement of Patočka's Phenomenology  |h [electronic resource] /  |c by Martin Ritter. 
250 |a 1st ed. 2019. 
264 1 |a Cham :  |b Springer International Publishing :  |b Imprint: Springer,  |c 2019. 
300 |a VII, 183 p.  |b online resource. 
336 |a text  |b txt  |2 rdacontent 
337 |a computer  |b c  |2 rdamedia 
338 |a online resource  |b cr  |2 rdacarrier 
347 |a text file  |b PDF  |2 rda 
490 1 |a Contributions to Phenomenology, In Cooperation with The Center for Advanced Research in Phenomenology,  |x 0923-9545 ;  |v 104 
505 0 |a Chapter 1. Introduction -- Chapter 2. Seeking Evidence: With Husserl Beyond Husserl -- Chapter 3. The Hubris of Transcendental Idealism -- Chapter 4. The Life of Inwardness. Asubjectivity in Patočka's War Manuscripts -- Chapter 5. The Protester: The Basically Negative Being in the World -- Chapter 6. The Call of Transcendence -- Chapter 7. At the Heart of Space -- Chapter 8. Being Turned (to) Appearing -- Chapter 9. The Movement of Existence -- Chapter 10. (Dis)Appropriating (the) Body -- Chapter 11. Performing the Soul through Movement -- Chapter 12. Passing Through the World (as) Crisis -- Chapter 13. Supercivilization -- Chapter 14. From Asubjectivity to Mediality -- Chapter 15. Omnia Vincit Amor. 
520 |a Critically evaluating and synthesizing all the previous research on the phenomenology of Czech philosopher Jan Patočka, the book brings a new voice into contemporary philosophical discussions. It elucidates the development of Patočka's phenomenology and offers a critical appropriation of his work by connecting it with non-phenomenological approaches. The first half of the book offers a succinct, and systematizing, overview of Patočka's phenomenology throughout its development to help readers appreciate the motives behind and grounds for its transformations. The second half systematically explicates, critically examines and creatively develops Patočka's concept of the movement of existence as the most promising part of his asubjective phenomenology. The book appeals to new readers of Patočka as well as his scholars, and to students and researchers of contemporary philosophy concerned with topics such as embodiment, personal identity, intersubjectivity, sociality, or historicity. By re-assessing Patočka's philosophy of history and his civilizational analysis, it also helps to better articulate the question of the place of Europe in the post-European world. 
650 0 |a Phenomenology . 
650 0 |a Ontology. 
650 0 |a Philosophy and social sciences. 
650 1 4 |a Phenomenology.  |0 http://scigraph.springernature.com/things/product-market-codes/E44070 
650 2 4 |a Ontology.  |0 http://scigraph.springernature.com/things/product-market-codes/E22000 
650 2 4 |a Philosophy of the Social Sciences.  |0 http://scigraph.springernature.com/things/product-market-codes/E36000 
710 2 |a SpringerLink (Online service) 
773 0 |t Springer eBooks 
776 0 8 |i Printed edition:  |z 9783030236564 
776 0 8 |i Printed edition:  |z 9783030236588 
776 0 8 |i Printed edition:  |z 9783030236595 
830 0 |a Contributions to Phenomenology, In Cooperation with The Center for Advanced Research in Phenomenology,  |x 0923-9545 ;  |v 104 
856 4 0 |u https://doi.org/10.1007/978-3-030-23657-1  |z Full Text via HEAL-Link 
912 |a ZDB-2-REP 
950 |a Religion and Philosophy (Springer-41175)